000 00354nam a2200145Ia 4500
008 150201s1992 xx 000 0 und d
082 _a617.5
_bC1992S
100 _aSHEAR
245 _aCYSTS OF ORAL REGIONS
250 _a3RD
260 _bVARGHESE PUBLICATION
_aDADAR(MUMBAI)
_c1992
300 _a1-291
650 _aORAL PATHOLOGY
942 _2ddc
_cBK
_06
999 _c4402
_d4402